Science Quiz

Random Science or Physics Quiz

Electromagnetic Spectrum Click Quiz Stats

 Plays Quiz Updated Feb 7, 2016

Also try: Parts of the Brain
Challenge
Share
Tweet
Score 0/8 Timer 02:00
7 Plays Today
% Correct
Visible
80%
Long radio waves
76.5%
γ-Rays
75.6%
IR
75%
UV
73.9%
X-Rays
70.9%
FM to AM Radio waves
63.3%
Microwave
56.7%

You're not logged in!

Compare scores with friends on all Sporcle quizzes.
OR
Log In

You Might Also Like...

Show Comments

Extras

Top Quizzes Today


Score Distribution

Your Account Isn't Verified!

In order to create a playlist on Sporcle, you need to verify the email address you used during registration. Go to your Sporcle Settings to finish the process.

Report this User

Report this user for behavior that violates our Community Guidelines.

Details: